| Registos Bibliográficos associados ao registo de autoridade |
|
Etiqueta de registo: 00000nam 2200025 450 001 2280168 003 http://id.bnportugal.gov.pt/bib/catbnp/2280168 010 ## $a978-84-128411-1-4 021 ## $aES$bM-2458-2025 100 ## $a20260313d2025 m y0pory01030103ba 101 1# $aspa$cpor 102 ## $aES 105 ## $ay z 000yy 106 ## $ar 200 1# $aNuevas cartas portuguesas$fMaria Isabel Barreno, Maria Teresa Horte, Maria Velho da Costa$gtrad. Santiago Pérez Isasi$gprol. María Sánchez 205 ## $a1ª ed 210 #9 $aMadrid$cLa Umbría y la Solana,$d2025 215 ## $a382, [1] p.$d21 cm 225 2# $aColección de autores portugueses$v49 304 ## $aTít. orig.: Novas cartas portuguesas 700 #1 $aBarreno,$bMaria Isabel,$f1939-2016$312194 701 #1 $aHorta,$bMaria Teresa,$f1937-2025$4070$358012 701 #1 $aCosta,$bMaria Velho da,$f1938-2020$4070$337528 702 #1 $aPérez Isasi,$bSantiago$4730$31592314 702 #1 $92$aSánchez,$bMaría$4075$31997809 801 #0 $aPT$bBN$gRPC 966 ## $lBN$mFGMON$pDGLAB$x3 971 ## $cisantos$d20260507 972 ## $e0$z0$d20260508$vasantos
|
|
|